Data and Computer Communications (Record no. 594406)

000 -LEADER
fixed length control field 00382nam a22001457a 4500
020 ## - INTERNATIONAL STANDARD BOOK NUMBER
International Standard Book Number 9789332518865
040 ## - CATALOGING SOURCE
Transcribing agency NUST
082 ## - DEWEY DECIMAL CLASSIFICATION NUMBER
Classification number 004.6 STA
100 ## - MAIN ENTRY--PERSONAL NAME
Personal name Stallings, William
245 ## - TITLE STATEMENT
Title Data and Computer Communications
250 ## - EDITION STATEMENT
Edition statement 9th Edition
260 ## - PUBLICATION, DISTRIBUTION, ETC.
Place of publication, distribution, etc. India:
Name of publisher, distributor, etc. Pearson,
Date of publication, distribution, etc. 2014.
650 ## - SUBJECT ADDED ENTRY--TOPICAL TERM
Topical term or geographic name entry element DCE TEXTBOOK DATA AND COMPUTER COMMUNICATION
9 (RLIN) 111659
942 ## - ADDED ENTRY ELEMENTS (KOHA)
Source of classification or shelving scheme
Koha item type Text Books
Holdings
Withdrawn status Lost status Source of classification or shelving scheme Damaged status Not for loan Permanent Location Current Location Shelving location Date acquired Total Checkouts Full call number Barcode Date last seen Price effective from Koha item type
          College of Electrical & Mechanical Engineering (CEME) College of Electrical & Mechanical Engineering (CEME) Reference 03/31/2023   004.6 STA CEME-48519 03/31/2023 03/31/2023 Text Books
          College of Electrical & Mechanical Engineering (CEME) College of Electrical & Mechanical Engineering (CEME) Reference 03/31/2023   004.6 STA CEME-48520 03/31/2023 03/31/2023 Text Books
          College of Electrical & Mechanical Engineering (CEME) College of Electrical & Mechanical Engineering (CEME) Reference 03/31/2023   004.6 STA CEME-48521 03/31/2023 03/31/2023 Text Books
          College of Electrical & Mechanical Engineering (CEME) College of Electrical & Mechanical Engineering (CEME) Reference 03/31/2023   004.6 STA CEME-48518 03/31/2023 03/31/2023 Text Books
          College of Electrical & Mechanical Engineering (CEME) College of Electrical & Mechanical Engineering (CEME) Reference 03/31/2023   004.6 STA CEME-48517 03/31/2023 03/31/2023 Text Books
© 2023 Central Library, National University of Sciences and Technology. All Rights Reserved.